Films Featuring Slavery - Statistics

General Stats
  • This quiz has been taken 105 times
  • The average score is 8 of 14
Answer Stats
Year Hint Movie % Correct
2000 A 2nd century Roman general is enslaved and must fight for his life, and his country, in the arena. Gladiator
90%
2013 The true story of Solomon Northup, a free black man who was kidnapped in Washington, D.C. in 1841 and sold into slavery. 12 Years a Slave
89%
2012 A black slave purchased by a German dentist turned bounty hunter helps him track down corrupt overseers in exchange for freedom. Django Unchained
86%
2012 Near the end of the Civil War, the American president pushes to abolish slavery by urging Congress to pass the 13th Amendment. Lincoln
85%
1960 A Thracian enslaved as a gladiator by the Roman Republic leads a slave revolt that engulfs much of the Italian peninsula. Spartacus
75%
1977 This mini-series is based on Alex Haley's biography about his family moving from slavery to liberation Roots
63%
1959 A first century Jewish prince is forced to become a galley slave. Ben-Hur
60%
1998 In this animated film, Moses frees the Hebrew slaves from the Pharaoh of Egypt. The Prince of Egypt
59%
1989 During the American Civil War, an escaped slave joins an all-black fighting unit of the Union Army. Glory
48%
1997 In 1839, a slave revolt takes place on a Spanish ship headed to Cuba. Amistad
47%
1984 Enslaved Indian children are forced to mine for Sankara stones. Indiana Jones and the Temple of Doom
42%
1998 Toni Morrison adaptation in which a former slave experiences flashbacks to her past as a slave. Beloved
28%
2000 In this widely-panned sci-fi film, humanity has been enslaved by a race known as the Psychlos. Battlefield Earth
26%
2012 Plotlines involve escapes from historical AND futuristic forms of slavery. Cloud Atlas
13%
No matching quizzes found
Score Distribution
Percent of People with Each Score
Percentile by Number Answered
Your Score History
You have not taken this quiz